Statistics for All Championship Teams Ever

Click here to take the quiz!

General Stats

  • This quiz has been taken 17 times
  • The average score is 42 of 56

Answer Stats

Teams% Correct
Leicester City
100%
Queens Park Rangers
100%
Aston Villa
94%
Hull City
94%
Leeds United
94%
Newcastle United
94%
Sheffield United
94%
Sheffield Wednesday
94%
Southampton
94%
Swansea City
94%
West Ham United
94%
Wolverhampton Wanderers
94%
Barnsley
88%
Birmingham
88%
Derby County
88%
Fulham
88%
Ipswich Town
88%
Middlesbrough
88%
Norwich City
88%
Nottingham Forest
88%
Portsmouth
88%
West Bromwich Albion
88%
Blackburn Rovers
81%
Blackpool
81%
Brighton & Hove Albion
81%
Burnley
81%
Cardiff City
81%
Charlton Athletic
81%
Coventry City
81%
Reading
81%
Stoke City
81%
Sunderland
81%
Watford
81%
Bournemouth
75%
Crystal Palace
75%
Huddersfield Town
75%
Wigan Athletic
75%
Bolton Wanderers
69%
Bristol City
69%
Plymouth Argyle
63%
Brentford
56%
Burton Albion
56%
Gillingham
56%
Luton Town
56%
Millwall
56%
Preston North End
56%
Rotherham United
56%
Wycombe Wanderers
56%
Yeovil Town
56%
Doncaster Rovers
50%
Milton Keynes Dons
50%
Peterborough United
50%
Southend United
50%
Colchester United
44%
Crewe Alexandra
44%
Scunthorpe United
38%

Score Distribution

Percentile by Number Answered

Percent of People with Each Score

Your Score History

You have not taken this quiz